<?xml version="1.0" encoding="UTF-8"?>
<record
    xmlns:xsi="http://www.w3.org/2001/XMLSchema-instance"
    xsi:schemaLocation="http://www.loc.gov/MARC21/slim http://www.loc.gov/standards/marcxml/schema/MARC21slim.xsd"
    xmlns="http://www.loc.gov/MARC21/slim">

  <leader>01981    a2200301   4500</leader>
  <controlfield tag="003">OSt</controlfield>
  <controlfield tag="005">20260629152906.0</controlfield>
  <controlfield tag="008">250414b        |||||||| |||| 00| 0 eng d</controlfield>
  <datafield tag="020" ind1=" " ind2=" ">
    <subfield code="a">978032331836</subfield>
  </datafield>
  <datafield tag="040" ind1=" " ind2=" ">
    <subfield code="c">Foundation University</subfield>
  </datafield>
  <datafield tag="050" ind1=" " ind2=" ">
    <subfield code="a">(CHM-HM) G155 A1  </subfield>
    <subfield code="b">.2024 E927  </subfield>
  </datafield>
  <datafield tag="100" ind1=" " ind2=" ">
    <subfield code="a">Evans, Nigel G.</subfield>
    <subfield code="d">author</subfield>
    <subfield code="9">10664</subfield>
  </datafield>
  <datafield tag="245" ind1=" " ind2=" ">
    <subfield code="a">Strategic management for tourism, hospitality and events /</subfield>
    <subfield code="c">Nigel G. Evans</subfield>
  </datafield>
  <datafield tag="260" ind1=" " ind2=" ">
    <subfield code="a">London :</subfield>
    <subfield code="b">Routledge, Taylor &amp; Francis Group ;</subfield>
    <subfield code="c">2024.</subfield>
  </datafield>
  <datafield tag="264" ind1=" " ind2=" ">
    <subfield code="4">2024</subfield>
  </datafield>
  <datafield tag="300" ind1=" " ind2=" ">
    <subfield code="a">xxxvii, 749 pages :</subfield>
    <subfield code="b">color illustrations ;</subfield>
    <subfield code="c">24 cm.</subfield>
    <subfield code="3">resource</subfield>
    <subfield code="f">resource</subfield>
  </datafield>
  <datafield tag="336" ind1=" " ind2=" ">
    <subfield code="2">rda content</subfield>
    <subfield code="a">text</subfield>
    <subfield code="b">txt</subfield>
  </datafield>
  <datafield tag="337" ind1=" " ind2=" ">
    <subfield code="2">rda media</subfield>
    <subfield code="a">unmediated</subfield>
    <subfield code="b">n</subfield>
  </datafield>
  <datafield tag="338" ind1=" " ind2=" ">
    <subfield code="2">rda carrier</subfield>
    <subfield code="3">volume</subfield>
    <subfield code="a">volume</subfield>
    <subfield code="b">nc</subfield>
  </datafield>
  <datafield tag="504" ind1=" " ind2=" ">
    <subfield code="a">Includes bibliographical references and appendices</subfield>
  </datafield>
  <datafield tag="520" ind1=" " ind2=" ">
    <subfield code="a">"Strategic Management for Tourism, Hospitality and Events is the must-have text for students approaching this subject for the first time. It introduces students to fundamental strategic management principles in a Tourism, Hospitality and Events context and brings theory to life by integrating a host of industry-based case studies and examples throughout. This book is written in an accessible and engaging style and structured logically with useful features throughout to aid students' learning and understanding and it is an essential resource for Tourism, Hospitality and Events students"-- Provided by publisher.</subfield>
  </datafield>
  <datafield tag="650" ind1=" " ind2=" ">
    <subfield code="a">Tourism--Management. </subfield>
    <subfield code="9">10665</subfield>
  </datafield>
  <datafield tag="650" ind1=" " ind2=" ">
    <subfield code="a">Hospitality industry--Management. </subfield>
    <subfield code="9">10251</subfield>
  </datafield>
  <datafield tag="650" ind1=" " ind2=" ">
    <subfield code="a">Strategic planning.</subfield>
    <subfield code="9">4340</subfield>
  </datafield>
  <datafield tag="658" ind1=" " ind2=" ">
    <subfield code="a">Hospitality Management, Bachelor of Science in. </subfield>
    <subfield code="b">Strategic Management &amp; Total Quality Management in Tourism &amp; Hospitality</subfield>
    <subfield code="c">HOSM203</subfield>
  </datafield>
  <datafield tag="856" ind1=" " ind2=" ">
    <subfield code="3">https://www.routledge.com/Strategic-Management-for-Tourism-Hospitality-and-Events/Evans/p/book/9781032331836?srsltid=AfmBOorVwxfe0imWUqLUi3vGI7Y2-yAcfVO-Qra58I9Cb3meKgqOBd3b</subfield>
  </datafield>
  <datafield tag="942" ind1=" " ind2=" ">
    <subfield code="2">lcc</subfield>
    <subfield code="c">BK</subfield>
    <subfield code="n">0</subfield>
    <subfield code="h">G155 A1  </subfield>
    <subfield code="i">.2024 E927  </subfield>
    <subfield code="k">(CHM-HM)</subfield>
  </datafield>
  <datafield tag="999" ind1=" " ind2=" ">
    <subfield code="c">3954</subfield>
    <subfield code="d">3954</subfield>
  </datafield>
  <datafield tag="952" ind1=" " ind2=" ">
    <subfield code="u">https://www.routledge.com/Strategic-Management-for-Tourism-Hospitality-and-Events/Evans/p/book/9781032331836?srsltid=AfmBOorVwxfe0imWUqLUi3vGI7Y2-yAcfVO-Qra58I9Cb3meKgqOBd3b</subfield>
    <subfield code="0">0</subfield>
    <subfield code="1">0</subfield>
    <subfield code="2">lcc</subfield>
    <subfield code="4">0</subfield>
    <subfield code="7">0</subfield>
    <subfield code="a">FOUNDATION</subfield>
    <subfield code="b">FOUNDATION</subfield>
    <subfield code="c">CIRC</subfield>
    <subfield code="d">2024-11-15</subfield>
    <subfield code="l">4</subfield>
    <subfield code="m">5</subfield>
    <subfield code="o">(CHM-HM) G 155 A1  .2024 E927  </subfield>
    <subfield code="p">0252024003006</subfield>
    <subfield code="r">2026-03-10 14:24:46</subfield>
    <subfield code="s">2026-01-13</subfield>
    <subfield code="w">2024-11-15</subfield>
    <subfield code="y">BK</subfield>
    <subfield code="k">CHM-2024006</subfield>
  </datafield>
  <datafield tag="952" ind1=" " ind2=" ">
    <subfield code="u">https://www.routledge.com/Strategic-Management-for-Tourism-Hospitality-and-Events/Evans/p/book/9781032331836?srsltid=AfmBOorVwxfe0imWUqLUi3vGI7Y2-yAcfVO-Qra58I9Cb3meKgqOBd3b</subfield>
    <subfield code="0">0</subfield>
    <subfield code="1">0</subfield>
    <subfield code="2">lcc</subfield>
    <subfield code="4">0</subfield>
    <subfield code="7">7</subfield>
    <subfield code="8">NFIC</subfield>
    <subfield code="a">FOUNDATION</subfield>
    <subfield code="b">FOUNDATION</subfield>
    <subfield code="c">MAIN-CHM</subfield>
    <subfield code="d">2026-06-29</subfield>
    <subfield code="l">0</subfield>
    <subfield code="o">(CHM-HosMgt) G155 A1 .2024 E927 </subfield>
    <subfield code="p">0252026003118</subfield>
    <subfield code="r">2026-06-29 15:27:24</subfield>
    <subfield code="w">2026-06-29</subfield>
    <subfield code="y">BK</subfield>
    <subfield code="k">CHM-HosMgt-2026118</subfield>
  </datafield>
  <datafield tag="952" ind1=" " ind2=" ">
    <subfield code="u">https://www.routledge.com/Strategic-Management-for-Tourism-Hospitality-and-Events/Evans/p/book/9781032331836?srsltid=AfmBOorVwxfe0imWUqLUi3vGI7Y2-yAcfVO-Qra58I9Cb3meKgqOBd3b</subfield>
    <subfield code="0">0</subfield>
    <subfield code="1">0</subfield>
    <subfield code="2">lcc</subfield>
    <subfield code="4">0</subfield>
    <subfield code="7">4</subfield>
    <subfield code="8">NFIC</subfield>
    <subfield code="a">FOUNDATION</subfield>
    <subfield code="b">FOUNDATION</subfield>
    <subfield code="c">MAIN-CHM</subfield>
    <subfield code="d">2026-06-29</subfield>
    <subfield code="l">0</subfield>
    <subfield code="o">(CHM-HosMgt) G155 A1 .2024 E927 c.2</subfield>
    <subfield code="p">0252026003119</subfield>
    <subfield code="r">2026-06-29 15:28:28</subfield>
    <subfield code="w">2026-06-29</subfield>
    <subfield code="y">BK</subfield>
    <subfield code="k">CHM-HosMgt-2026119</subfield>
  </datafield>
</record>
